000 00410nam a2200181Ia 4500
001 15736
005 20260306170218.0
008 260306t2008||||xx |||||||||||||| ||und||
041 _aESP
082 _a604.2
_bCH547
100 _aChevalier, A.
_eAUT
245 0 _aDibujo industrial
260 _c2008
300 _a324 páginas :
_c24 cm.
650 _aGEN
654 _aCAU
942 _cLIB
_dJUS
_fJUS
_2ddc
_n
999 _c15736
_d15736